| 000 | 00507nam a22001937a 4500 | ||
|---|---|---|---|
| 003 | CEME | ||
| 005 | 20210628204141.0 | ||
| 008 | 210112b xxu||||| |||| 00| 0 eng d | ||
| 020 | _a9788131518243 | ||
| 040 | _cceme | ||
| 082 | _a658.3 MEL | ||
| 100 |
_aMello, Jeffrey A _968972 |
||
| 245 | _aStrategic management of human resources | ||
| 250 | _a3RD | ||
| 260 |
_aCANADA _bCENGAGE LEARNING _c2011 |
||
| 300 | _aXIX, 688P | ||
| 650 |
_aSTRATEGIC MANAGEMENT.HRM. MANAGEMENT _968973 |
||
| 942 |
_cBK _2ddc |
||
| 999 |
_c576411 _d576411 |
||